|
|
|
|
| LEADER |
01238nam a2200289 a 4500 |
| 001 |
000160333 |
| 003 |
CZ BrMZK |
| 005 |
20160531120909.0 |
| 008 |
960815s1996 gw f m ger d |
| 040 |
|
|
|a BOA001
|b cze
|
| 072 |
|
7 |
|a 59
|x Zoologie
|2 Konspekt
|9 2
|
| 080 |
|
|
|a 598.294.1
|2 MRF
|
| 080 |
|
|
|a 578.825
|2 MRF
|
| 080 |
|
|
|a (043.3)
|2 MRF
|
| 100 |
1 |
|
|a Gravendyck, Marcus
|4 aut
|
| 245 |
1 |
0 |
|a Isolierung und biologische Eigenschaften eines neuen Herpesvirus aus einem Dreifarbenglanzstar (Lamprotornis superbus Rüppell, 1845) sowie Versuche zur Differenzierung von Herpesviren aus Passeriformes (...) /
|c von Marcus Gravendyck.
|
| 260 |
|
|
|a Gießen :
|b Justus-Liebig-Universität,
|c 1996
|
| 300 |
|
|
|a v, 114 s. :
|b il. ;
|c 21 cm
|
| 500 |
|
|
|a Disertace(Dr.)-Justus-Liebig-Universität, Gießen, 1996. - Bibliogr. - Souhrn též angl.
|
| 541 |
|
|
|a Giessen, Universitätsbibliothek
|
| 650 |
0 |
7 |
|a špačkovití
|7 ph127870
|2 czenas
|
| 650 |
0 |
7 |
|a herpetické viry
|7 ph135329
|2 czenas
|
| 655 |
|
7 |
|a disertace
|7 fd132024
|2 czenas
|
| 710 |
2 |
|
|a Justus Liebig-Universität Giessen
|7 ko2002149270
|
| 910 |
|
|
|a BOA001
|b M2-1031.723
|
| 990 |
|
|
|a BK
|
| 996 |
7 |
|
|b 2610050505
|c M2-1031.723
|l MZK
|r Sklad / do 24 hodin
|n 0
|p vým
|w 000160333
|u 000010
|a 1
|e BOA001
|j MZK50
|s A
|